000 00209 a2200109 4500
020 _a9567060334
041 _aspa
100 _aLa Prensa
245 _aEl Libro de la Convivencia
942 _cBK
952 _71
999 _c23817
_d23817